[Event "PNWCC Thanksgiving U2200 op"]
[Site "Chess.com INT"]
[Date "2020.11.29"]
[Round "9"]
[White "Harish, Neeraj"]
[Black "Lin, Benjamin"]
[Result "1-0"]
[WhiteElo "1472"]
[BlackElo "2206"]
[PlyCount "81"]
[EventDate "2020.11.27"]
[EventType "swiss (rapid)"]
[EventRounds "9"]
[EventCountry "USA"]
[SourceTitle "CBM 199 Extra"]
[Source "ChessBase"]
[SourceDate "2021.01.31"]
[SourceVersion "1"]
[SourceVersionDate "2021.01.31"]
[SourceQuality "1"]

1. e4 e5 2. Nf3 Nc6 3. Nc3 Nf6 4. Bb5 d6 5. d4 exd4 6. Qxd4 Bd7 7. Qd3 Be7 8. Bf4 0-0 9. Bxc6 Bxc6 10. 0-0-0 a6 11. Nd4 Bd7 12. f3 b5 13. g4 h6 14. h4 b4 15. Nce2 Nh7 16. g5 hxg5 17. hxg5 Bxg5 18. Rdg1 Qf6 19. Bxg5 Nxg5 20. f4 Nh7 21. e5 Qg6 22. Rxg6 fxg6 23. Qxg6 Rae8 24. Qxh7+ Kf7 25. Rg1 Rg8 26. Qg6+ Ke7 27. e6 Kd8 28. exd7 Kxd7 29. Qf7+ Kd8 30. Ne6+ Rxe6 31. Qxe6 Re8 32. Qf5 Rxe2 33. Rxg7 Re7 34. Qf8+ Kd7 35. Qxe7+ Kc6 36. Qxc7+ Kd5 37. Rg5+ Ke4 38. Qxd6 Kf3 39. Kd2 Kf2 40. Qd4+ Kf1 41. Rg1# 1-0

[Event "PNWCC Thanksgiving U2200 op"]
[Site "Chess.com INT"]
[Date "2020.11.27"]
[Round "3"]
[White "Lin, Michael"]
[Black "Lin, Benjamin"]
[Result "0-1"]
[WhiteElo "2098"]
[BlackElo "2206"]
[PlyCount "120"]
[EventDate "2020.11.27"]
[EventType "swiss (rapid)"]
[EventRounds "9"]
[EventCountry "USA"]
[SourceTitle "CBM 199 Extra"]
[Source "ChessBase"]
[SourceDate "2021.01.31"]
[SourceVersion "1"]
[SourceVersionDate "2021.01.31"]
[SourceQuality "1"]

1. e4 e5 2. Nf3 Nc6 3. Bc4 Bc5 4. c3 Nf6 5. d4 exd4 6. cxd4 Bb4+ 7. Nc3 Bxc3+ 8. bxc3 Nxe4 9. 0-0 0-0 10. Re1 Nf6 11. Bg5 d5 12. Bb3 Be6 13. h3 h6 14. Bh4 a6 15. Ne5 Na5 16. Bc2 Qe7 17. Qd3 g6 18. Qf3 g5 19. Bg3 Rac8 20. Ng4 Nxg4 21. hxg4 f6 22. Bf5 Rce8 23. Bxe6+ Kg7 24. Kf1 c6 25. Bxd5 Qd7 26. Bb3 Rd8 27. Be6 Qe8 28. Bf5 Qf7 29. Bc7 Qxc7 30. Re2 Rde8 31. Rae1 Rxe2 32. Rxe2 Nc4 33. Qd3 Nd6 34. Bg6 Qd7 35. Qd1 Kxg6 36. Qe1 Re8 37. Qb1+ Kg7 38. Rb2 Qxg4 39. c4 Qxd4 40. c5 Qxc5 41. Rc2 Qb5+ 42. Qxb5 Nxb5 43. Rd2 Re7 44. f3 Kg6 45. Kf2 Kf5 46. Kg3 c5 47. Rd5+ Re5 48. Rd7 b6 49. Rb7 Re6 50. a4 Nc3 51. Ra7 a5 52. Rh7 Kg6 53. Rb7 Nxa4 54. Rd7 c4 55. Rd4 b5 56. Rd5 Re5 57. Rd6 c3 58. Rc6 Rc5 59. Ra6 c2 60. Rxa5 c1Q 0-1

[Event "Mississauga Golden Horseshoe op"]
[Site "Mississauga"]
[Date "2018.06.03"]
[Round "5"]
[White "Ning, Eric"]
[Black "Lin, Benjamin"]
[Result "1-0"]
[WhiteElo "1796"]
[BlackElo "1881"]
[PlyCount "111"]
[EventDate "2018.06.02"]
[EventType "swiss"]
[EventRounds "5"]
[EventCountry "CAN"]
[SourceTitle "EXT 2019"]
[Source "ChessBase"]
[SourceDate "2018.10.10"]
[SourceVersion "1"]
[SourceVersionDate "2018.10.10"]
[SourceQuality "1"]

1. d4 d5 2. c4 c6 3. e3 Nf6 4. Nf3 e6 5. Nbd2 Bd6 6. b3 0-0 7. Bb2 Nbd7 8. Bd3 Qc7 9. 0-0 h6 10. Re1 b6 11. e4 dxe4 12. Nxe4 Nxe4 13. Bxe4 Nf6 14. Bc2 Rd8 15. Qe2 Bb7 16. h3 a5 17. Rac1 a4 18. d5 axb3 19. axb3 Bb4 20. Bxf6 Bxe1 21. Bxd8 Qxd8 22. Rxe1 cxd5 23. cxd5 Bxd5 24. Be4 Ra3 25. Bxd5 Qxd5 26. b4 Ra2 27. Qe5 Qd8 28. Ra1 Rxa1+ 29. Qxa1 Qd6 30. Qc3 Qd1+ 31. Kh2 Qd6+ 32. g3 Kh7 33. Kg2 Qd5 34. Qc7 Qb5 35. Qf4 Kg8 36. h4 Qc6 37. Qe5 f6 38. Qe2 e5 39. Kh2 Kh7 40. Nd2 Qd6 41. Qe4+ Kh8 42. Nf1 Qd1 43. Kg2 Qd6 44. Ne3 Qc7 45. b5 Qc5 46. Qc6 Qd4 47. Nc4 e4 48. Nxb6 e3 49. Qe8+ Kh7 50. Qxe3 Qb4 51. Qd3+ Kh8 52. Nd5 Qd6 53. b6 Qc6 54. Qe4 Qb5 55. Ne7 Qa6 56. b7 1-0

[Event "Montreal Varennes op"]
[Site "Montreal"]
[Date "2017.10.08"]
[Round "4"]
[White "Lin, Benjamin"]
[Black "Gordon, David"]
[Result "0-1"]
[WhiteElo "1862"]
[BlackElo "2199"]
[PlyCount "84"]
[EventDate "2017.10.06"]
[EventType "swiss"]
[EventRounds "5"]
[EventCountry "CAN"]
[SourceTitle "CBM 181 Extra"]
[Source "ChessBase"]
[SourceDate "2017.12.12"]
[SourceVersion "1"]
[SourceVersionDate "2017.12.12"]
[SourceQuality "1"]

1. d4 Nf6 2. c4 c5 3. d5 e6 4. Nc3 exd5 5. cxd5 d6 6. e4 g6 7. f3 Bg7 8. Bd3 0-0 9. Nge2 b6 10. 0-0 Ba6 11. Be3 Bxd3 12. Qxd3 Nbd7 13. Nc1 a6 14. a4 Qc7 15. Qe2 Qb7 16. N1a2 Ne8 17. b3 Nc7 18. Rad1 b5 19. f4 Rae8 20. Qf3 f5 21. exf5 gxf5 22. Bf2 Nf6 23. b4 Ne4 24. bxc5 dxc5 25. d6 Ne6 26. Nxe4 fxe4 27. Qb3 c4 28. Qe3 Nxf4 29. axb5 axb5 30. Bh4 Nd3 31. Be7 Rxf1+ 32. Rxf1 Rxe7 33. dxe7 Qxe7 34. Kh1 b4 35. Qb6 e3 36. Qb8+ Bf8 37. Nxb4 e2 38. Qg3+ Kh8 39. Rg1 e1Q 40. Rxe1 Qxe1+ 41. Qxe1 Nxe1 42. Kg1 Bxb4 0-1

[Event "Montreal Varennes op"]
[Site "Montreal"]
[Date "2017.10.08"]
[Round "5"]
[White "Morella Cabrera, Julio Antonio"]
[Black "Lin, Benjamin"]
[Result "1-0"]
[WhiteElo "2248"]
[BlackElo "1862"]
[PlyCount "105"]
[EventDate "2017.10.06"]
[EventType "swiss"]
[EventRounds "5"]
[EventCountry "CAN"]
[SourceTitle "CBM 181 Extra"]
[Source "ChessBase"]
[SourceDate "2017.12.12"]
[SourceVersion "1"]
[SourceVersionDate "2017.12.12"]
[SourceQuality "1"]

1. e4 c5 2. Nc3 e6 3. g3 Nc6 4. Bg2 a6 5. Nge2 Nf6 6. 0-0 Be7 7. d4 cxd4 8. Nxd4 Qc7 9. a4 0-0 10. Nb3 d6 11. a5 Ne5 12. Qe2 Bd7 13. f4 Nc4 14. g4 b5 15. g5 Ne8 16. f5 g6 17. f6 Bd8 18. Nd1 Rc8 19. c3 Bc6 20. Ne3 d5 21. Nxc4 dxc4 22. Nd4 Ba8 23. e5 Bxg2 24. Kxg2 Qb7+ 25. Rf3 Rc5 26. b4 cxb3 27. Ba3 Rxc3 28. Bxf8 Kxf8 29. Kg3 Rxf3+ 30. Nxf3 Bc7 31. Qe3 Qd5 32. Ra3 b2 33. Rb3 Bxa5 34. Rxb2 Bc7 35. Rd2 Qc6 36. Qa3+ Kg8 37. Qe7 h5 38. Rd7 h4+ 39. Kf4 Qc4+ 40. Rd4 Qc6 41. Nd2 Ba5 42. Nb3 Bb6 43. Qd7 Qxd7 44. Rxd7 Nc7 45. Rd8+ Kh7 46. Rf8 Nd5+ 47. Ke4 a5 48. Rxf7+ Kh8 49. Rf8+ Kh7 50. Rb8 a4 51. f7 Bc7 52. f8Q Bxb8 53. Qh6+ 1-0

[Event "Montreal Varennes op"]
[Site "Montreal"]
[Date "2016.10.09"]
[Round "5"]
[White "Ouellet, Maili Jade"]
[Black "Lin, Benjamin"]
[Result "1/2-1/2"]
[WhiteElo "2004"]
[BlackElo "1755"]
[PlyCount "106"]
[EventDate "2016.10.07"]
[EventType "swiss"]
[EventRounds "5"]
[EventCountry "CAN"]
[SourceTitle "CBM 175 Extra"]
[Source "ChessBase"]
[SourceDate "2016.12.12"]
[SourceVersion "1"]
[SourceVersionDate "2016.12.12"]
[SourceQuality "1"]

1. d4 d5 2. c4 c6 3. Nf3 Nf6 4. Nc3 e6 5. Bg5 Be7 6. e3 Nbd7 7. cxd5 exd5 8. Bd3 Ne4 9. Bxe7 Qxe7 10. Qc2 Ndf6 11. 0-0 h6 12. Ne5 Nxc3 13. bxc3 Ng4 14. Nxg4 Bxg4 15. h3 Bc8 16. Rae1 0-0 17. f3 Qg5 18. Kh1 Qg3 19. Qe2 Bd7 20. e4 Rae8 21. Rb1 Bc8 22. Qd2 a6 23. a4 Qh4 24. Bc2 Re7 25. e5 f5 26. f4 Re6 27. Rb6 Qe7 28. Bb3 Kh7 29. Qf2 Rg6 30. Bc2 h5 31. g3 Kh8 32. Ra1 Rh6 33. Qf3 g6 34. a5 Rh7 35. Kg2 Rhf7 36. Rbb1 Kg7 37. Rh1 Rh8 38. Kf2 Kf8 39. Ke2 Ke8 40. Qe3 Rfh7 41. Rhg1 Rg7 42. Bb3 Be6 43. Ra4 Qd8 44. Qd3 g5 45. Rf1 gxf4 46. Rxf4 Qg5 47. Rb4 Qd8 48. Rb5 Rhg8 49. Qf3 Qg5 50. Ba2 Kd8 51. Bb1 Rf7 52. Kf2 Kc8 53. Bd3 Kc7 1/2-1/2